[Event "LSS SN-2009-0-00149"]
[Site "LSS email"]
[Date "2009.04.19"]
[Round "?"]
[White "Fuertes, Cesar Edgardo"]
[Black "Yangibayev, Rustam"]
[Result "1-0"]
[WhiteElo "800"]
[BlackElo "1400"]
[PlyCount "53"]
[EventDate "2009.04.07"]
[EventType "tourn (corr)"]
[EventRounds "6"]
[EventCountry "GER"]
[SourceTitle "Telechess CBM 147"]
[Source "ChessBase"]
[SourceDate "2012.03.16"]
[SourceVersion "1"]
[SourceVersionDate "2012.03.16"]
[SourceQuality "1"]

1. d4 Nf6 2. c4 g6 3. Nc3 Bg7 4. e4 d6 5. Nf3 0-0 6. Be2 Nc6 7. 0-0 Bg4 8. d5 Nb4 9. a3 Na6 10. Be3 c6 11. Rc1 c5 12. h3 Bd7 13. Qc2 Qc8 14. Rb1 Nc7 15. b4 b6 16. bxc5 dxc5 17. Rfd1 Rd8 18. Bd3 Bxh3 19. gxh3 Qxh3 20. Be2 Ng4 21. Bf4 Ne6 22. dxe6 fxe6 23. e5 Rf8 24. Qd2 Rad8 25. Qxd8 Rxd8 26. Rxd8+ Kf7 27. Ng5# 1-0

[Event "LSS OP-2009-0-00816"]
[Site "LSS email"]
[Date "2009.04.18"]
[Round "?"]
[White "Jokmin, Alex"]
[Black "Fuertes, Cesar Edgardo"]
[Result "0-1"]
[WhiteElo "572"]
[BlackElo "800"]
[PlyCount "62"]
[EventDate "2009.04.13"]
[EventType "tourn (corr)"]
[EventRounds "4"]
[EventCountry "GER"]
[SourceTitle "Telechess CBM 147"]
[Source "ChessBase"]
[SourceDate "2012.03.16"]
[SourceVersion "1"]
[SourceVersionDate "2012.03.16"]
[SourceQuality "1"]

1. d4 Nf6 2. c4 g6 3. Nc3 Bg7 4. Nf3 d6 5. Bg5 0-0 6. e4 h6 7. Bh4 g5 8. Bg3 Nh5 9. Bd3 g4 10. Nd2 Bxd4 11. 0-0 Nxg3 12. hxg3 Bxc3 13. bxc3 e5 14. f3 Na6 15. f4 exf4 16. Rxf4 Qg5 17. Rb1 Nc5 18. Be2 f5 19. Qf1 Ne6 20. Rxf5 Qxd2 21. Rxf8+ Nxf8 22. c5 Qe3+ 23. Kh2 Qxe4 24. Re1 Be6 25. Bd3 Qd5 26. c4 Qh5+ 27. Kg1 Qxc5+ 28. Kh2 Re8 29. Qf6 Qh5+ 30. Kg1 Nd7 31. Qd4 Qc5 0-1

[Event "IECG OP.2007.0.00216 email"]
[Site "IECG email"]
[Date "2007.01.03"]
[Round "?"]
[White "Fuertes, Cesar Edgardo"]
[Black "Pehl, Ferenc"]
[Result "1-0"]
[WhiteElo "1939"]
[BlackElo "853"]
[PlyCount "39"]
[EventDate "2007.01.03"]
[EventType "tourn (corr)"]
[EventRounds "6"]
[SourceTitle "Corr 2008"]
[Source "ChessBase"]
[SourceDate "2008.06.24"]
[SourceVersion "1"]
[SourceVersionDate "2008.06.24"]
[SourceQuality "1"]

1. d4 Nf6 2. c4 e6 3. Nc3 d5 4. Nf3 Be7 5. e3 0-0 6. Bd3 dxc4 7. Bxc4 c6 8. 0-0 Nd5 9. e4 Nxc3 10. bxc3 b5 11. Bd3 a5 12. e5 Bb7 13. Bc2 c5 14. Qd3 g6 15. Bh6 Re8 16. Rfd1 c4 17. Qe3 Bxf3 18. Qxf3 Bf8 19. Bxf8 Rxf8 20. Qxa8 1-0

[Event "CiF Super-1 email "]
[Site "GER email"]
[Date "2006.08.31"]
[Round "?"]
[White "Fuertes, Cesar Edgardo"]
[Black "Markus, Roland"]
[Result "0-1"]
[WhiteElo "2181"]
[BlackElo "2096"]
[PlyCount "40"]
[EventDate "2006.??.??"]
[EventType "tourn (corr)"]
[EventRounds "15"]
[EventCountry "GER"]
[SourceTitle "Corr 2008"]
[Source "ChessBase"]
[SourceDate "2008.06.24"]
[SourceVersion "1"]
[SourceVersionDate "2008.06.24"]
[SourceQuality "1"]

1. d4 Nf6 2. c4 e6 3. Nf3 d5 4. Nc3 Bb4 5. Bg5 dxc4 6. e4 c5 7. Bxf6 Qxf6 8. Bxc4 cxd4 9. Qxd4 Qxd4 10. Nxd4 a6 11. Rc1 b5 12. Bb3 Bb7 13. 0-0 Nd7 14. Rfd1 Be7 15. Bxe6 fxe6 16. Nxe6 Nb6 17. Nc7+ Kf7 18. Nxa8 Bxa8 19. f3 Bg5 20. Rc2 Rc8 0-1

[Event "CiF Super-1 email "]
[Site "GER email"]
[Date "2006.08.31"]
[Round "?"]
[White "Fuertes, Cesar Edgardo"]
[Black "Ryska, Jiri"]
[Result "0-1"]
[WhiteElo "2181"]
[BlackElo "2258"]
[PlyCount "36"]
[EventDate "2006.??.??"]
[EventType "tourn (corr)"]
[EventRounds "15"]
[EventCountry "GER"]
[SourceTitle "Corr 2008"]
[Source "ChessBase"]
[SourceDate "2008.06.24"]
[SourceVersion "1"]
[SourceVersionDate "2008.06.24"]
[SourceQuality "1"]

1. d4 Nf6 2. c4 Nc6 3. Nc3 e6 4. Bg5 h6 5. Bh4 Bb4 6. Nf3 d6 7. e3 a6 8. Bd3 0-0 9. 0-0 Bxc3 10. bxc3 e5 11. Qc2 g5 12. Bg3 Nb8 13. dxe5 dxe5 14. Nxe5 Nbd7 15. Rfd1 Qe7 16. Nxd7 Bxd7 17. Bxc7 Ba4 18. Qxa4 Qxc7 0-1

[Event "CiF Super-1 email "]
[Site "GER email"]
[Date "2006.08.31"]
[Round "?"]
[White "Fuertes, Cesar Edgardo"]
[Black "Valverde Lopez, Mario"]
[Result "0-1"]
[WhiteElo "2181"]
[BlackElo "2227"]
[PlyCount "42"]
[EventDate "2006.??.??"]
[EventType "tourn (corr)"]
[EventRounds "15"]
[EventCountry "GER"]
[SourceTitle "Corr 2008"]
[Source "ChessBase"]
[SourceDate "2008.06.24"]
[SourceVersion "1"]
[SourceVersionDate "2008.06.24"]
[SourceQuality "1"]

1. d4 d5 2. c4 e5 3. dxe5 d4 4. Nf3 Nc6 5. g3 f6 6. exf6 Nxf6 7. Nbd2 d3 8. exd3 Bb4 9. a3 Bxd2+ 10. Bxd2 0-0 11. Be3 Bg4 12. Be2 Qd7 13. 0-0 Qf5 14. Re1 Rae8 15. b4 b6 16. d4 Bxf3 17. Bxf3 Nxd4 18. Bxd4 Rxe1+ 19. Qxe1 Qxf3 20. Qe6+ Kh8 21. Qe7 Kg8 0-1

[Event "IECG CA.2005.0.00152"]
[Site "IECG email"]
[Date "2005.06.04"]
[Round "?"]
[White "Fuertes, Cesar Edgardo"]
[Black "Algra, Jouke"]
[Result "1-0"]
[WhiteElo "2181"]
[BlackElo "2080"]
[PlyCount "21"]
[EventDate "2005.06.04"]
[EventType "tourn (corr)"]
[EventRounds "6"]
[SourceTitle "Corr 2024"]
[Source "ChessBase"]
[SourceDate "2023.10.19"]
[SourceVersion "1"]
[SourceVersionDate "2023.10.19"]
[SourceQuality "1"]

1. d4 Nf6 2. c4 c5 3. d5 e6 4. Nc3 exd5 5. cxd5 d6 6. Nf3 g6 7. e4 Bg7 8. Be2 0-0 9. 0-0 Re8 10. Nd2 a6 11. a4 1-0

[Event "IECG CA.2005.0.00152"]
[Site "IECG email"]
[Date "2005.06.04"]
[Round "?"]
[White "Fuertes, Cesar Edgardo"]
[Black "Manny, Rey"]
[Result "0-1"]
[WhiteElo "2181"]
[BlackElo "2071"]
[PlyCount "60"]
[EventDate "2005.06.04"]
[EventType "tourn (corr)"]
[EventRounds "6"]
[SourceTitle "Corr 2008"]
[Source "ChessBase"]
[SourceDate "2008.06.24"]
[SourceVersion "1"]
[SourceVersionDate "2008.06.24"]
[SourceQuality "1"]

1. d4 e6 2. c4 f5 3. Nf3 Nf6 4. g3 Be7 5. Bg2 0-0 6. 0-0 d6 7. Nc3 Ne4 8. Qc2 Nxc3 9. Qxc3 a5 10. b3 Nc6 11. Bf4 Bf6 12. Rad1 Qe7 13. Qd2 e5 14. dxe5 dxe5 15. Bg5 a4 16. Bxf6 Qxf6 17. Ng5 axb3 18. axb3 Ne7 19. Nf3 h6 20. Qc3 Nc6 21. Rd2 Be6 22. e3 e4 23. Nd4 Ne5 24. Kh1 Rfd8 25. Nxe6 Qxe6 26. Rfd1 Rxd2 27. Rxd2 b6 28. h3 Kh7 29. g4 Re8 30. Qd4 g6 0-1

[Event "SEMI A053 email"]
[Site "SEMI email"]
[Date "2005.04.10"]
[Round "?"]
[White "Zaniratti, Ivano"]
[Black "Fuertes, Cesar Edgardo"]
[Result "1-0"]
[WhiteElo "2097"]
[BlackElo "1994"]
[PlyCount "49"]
[EventDate "2005.04.10"]
[EventType "tourn (corr)"]
[EventRounds "6"]
[EventCountry "ITA"]
[SourceTitle "Corr 2008"]
[Source "ChessBase"]
[SourceDate "2008.06.24"]
[SourceVersion "1"]
[SourceVersionDate "2008.06.24"]
[SourceQuality "1"]

1. e4 d6 2. d4 g6 3. h4 Bg7 4. h5 gxh5 5. Nf3 Nf6 6. Nbd2 Nbd7 7. Bd3 e5 8. dxe5 Nxe5 9. Nxe5 dxe5 10. Nf3 Bg4 11. Be3 Qd6 12. Qd2 a6 13. Qa5 Bxf3 14. gxf3 0-0-0 15. 0-0-0 Qe6 16. b3 Bf8 17. Bc4 Rxd1+ 18. Rxd1 Qe7 19. Kb1 Rg8 20. Bxa6 Qa3 21. Qxe5 Qxa6 22. Bf4 Qb6 23. Qf5+ Qe6 24. Qa5 Bd6 25. e5 1-0

[Event "IECG CA.2005.0.00148"]
[Site "IECG email"]
[Date "2005.03.16"]
[Round "1"]
[White "Fuertes, Cesar Edgardo"]
[Black "Hassim, Unes"]
[Result "1/2-1/2"]
[WhiteElo "2181"]
[BlackElo "2067"]
[PlyCount "94"]
[EventDate "2005.03.16"]
[EventType "tourn (corr)"]
[EventRounds "6"]
[SourceTitle "Corr 2008"]
[Source "ChessBase"]
[SourceDate "2008.06.24"]
[SourceVersion "1"]
[SourceVersionDate "2008.06.24"]
[SourceQuality "1"]

1. d4 Nf6 2. c4 e6 3. Nf3 d5 4. Nc3 c6 5. e3 Nbd7 6. Bd3 dxc4 7. Bxc4 b5 8. Bd3 Bb7 9. 0-0 a6 10. e4 c5 11. d5 Qc7 12. dxe6 fxe6 13. Ng5 Qc6 14. Be3 Rd8 15. Qe2 h6 16. Nf3 Bd6 17. Nh4 g5 18. Ng6 Rg8 19. f4 Rxg6 20. e5 Rg8 21. exf6 Nxf6 22. fxg5 Bxh2+ 23. Kxh2 Rxd3 24. Rxf6 Rxe3 25. Qh5+ Kd8 26. Rd1+ Kc8 27. Nd5 Qd6+ 28. Nf4 Qe7 29. Qxh6 Kb8 30. Rxe6 Rxe6 31. Nxe6 Ka7 32. Qf6 Qh7+ 33. Kg3 Qc2 34. Rg1 Qd3+ 35. Kf2 Qd2+ 36. Kg3 Qe3+ 37. Kh2 Rc8 38. Nf4 Rc6 39. Qf5 c4 40. g6 Qd4 41. Qg5 Rc5 42. Qg3 Rf5 43. Nh3 Qg7 44. Rd1 Rf8 45. Rd2 b4 46. Rc2 Rf6 47. Rxc4 Rxg6 1/2-1/2

[Event "SEMI A049 email"]
[Site "SEMI email"]
[Date "2004.07.15"]
[Round "?"]
[White "Pech, Jaroslav Sr"]
[Black "Fuertes, Cesar Edgardo"]
[Result "1-0"]
[WhiteElo "2085"]
[BlackElo "1994"]
[PlyCount "33"]
[EventDate "2004.07.15"]
[EventType "tourn (corr)"]
[EventRounds "6"]
[EventCountry "ITA"]
[SourceTitle "Corr 2008"]
[Source "ChessBase"]
[SourceDate "2008.06.24"]
[SourceVersion "1"]
[SourceVersionDate "2008.06.24"]
[SourceQuality "1"]

1. d4 Nf6 2. c4 e6 3. Nc3 d5 4. Bg5 Be7 5. Nf3 0-0 6. e3 Nbd7 7. Rc1 h6 8. Bh4 b6 9. cxd5 exd5 10. Bb5 Bb7 11. 0-0 c5 12. dxc5 bxc5 13. Bxd7 Qxd7 14. Bxf6 Bxf6 15. Ne4 Bxb2 16. Nxc5 Qe7 17. Rc2 1-0

[Event "SEMI A049 email"]
[Site "SEMI email"]
[Date "2004.07.15"]
[Round "?"]
[White "Tescaro, Stefano"]
[Black "Fuertes, Cesar Edgardo"]
[Result "1-0"]
[WhiteElo "1800"]
[BlackElo "1994"]
[PlyCount "35"]
[EventDate "2004.07.15"]
[EventType "tourn (corr)"]
[EventRounds "6"]
[EventCountry "ITA"]
[SourceTitle "Corr 2008"]
[Source "ChessBase"]
[SourceDate "2008.06.24"]
[SourceVersion "1"]
[SourceVersionDate "2008.06.24"]
[SourceQuality "1"]

1. d4 Nf6 2. Bg5 e6 3. e4 h6 4. Bxf6 Qxf6 5. c3 d5 6. e5 Qd8 7. Nf3 c5 8. dxc5 Bxc5 9. Bd3 0-0 10. Nbd2 Qb6 11. Qe2 Qxb2 12. 0-0 Qxc3 13. Rfc1 Qa3 14. Nb3 Bb6 15. Rc3 Nc6 16. Rac1 Qe7 17. Bb1 f6 18. exf6 1-0

[Event "SEMI A043 email"]
[Site "SEMI email"]
[Date "2003.05.20"]
[Round "?"]
[White "Cipressi, Nicola"]
[Black "Fuertes, Cesar Edgardo"]
[Result "1/2-1/2"]
[WhiteElo "1983"]
[BlackElo "1994"]
[PlyCount "62"]
[EventDate "2003.05.20"]
[EventType "tourn (corr)"]
[EventRounds "6"]
[EventCountry "ITA"]
[SourceTitle "Corr 2008"]
[Source "ChessBase"]
[SourceDate "2008.06.24"]
[SourceVersion "1"]
[SourceVersionDate "2008.06.24"]
[SourceQuality "1"]

1. c4 c5 2. Nf3 Nc6 3. d4 cxd4 4. Nxd4 Nf6 5. Nc3 g6 6. e4 d6 7. Be2 Bg7 8. Be3 0-0 9. 0-0 Bd7 10. f4 Rc8 11. Rc1 a6 12. Bf3 Nxd4 13. Bxd4 e5 14. fxe5 dxe5 15. Bxe5 Rxc4 16. Be2 Rc6 17. Qd4 Bc8 18. Nd5 Nxd5 19. Bxg7 Nf4 20. Bf3 Rd6 21. Rxc8 Rxd4 22. Rxd8 Rfxd8 23. Bxd4 Rxd4 24. Kf2 Ne6 25. Ke3 Rc4 26. a3 Kf8 27. e5 b6 28. Rd1 Rc2 29. Rd2 Rxd2 30. Kxd2 Ke7 31. Ke3 h6 1/2-1/2

[Event "SEMI A043 email"]
[Site "SEMI email"]
[Date "2003.05.20"]
[Round "?"]
[White "Fuertes, Cesar Edgardo"]
[Black "Hanegby, Avigdor"]
[Result "0-1"]
[WhiteElo "1994"]
[BlackElo "2316"]
[PlyCount "82"]
[EventDate "2003.05.20"]
[EventType "tourn (corr)"]
[EventRounds "6"]
[EventCountry "ITA"]
[SourceTitle "Corr 2008"]
[Source "ChessBase"]
[SourceDate "2008.06.24"]
[SourceVersion "1"]
[SourceVersionDate "2008.06.24"]
[SourceQuality "1"]

1. d4 g6 2. c4 Bg7 3. Nc3 c5 4. d5 Bxc3+ 5. bxc3 f5 6. Nf3 Qa5 7. Qc2 d6 8. Bg5 h6 9. Bd2 Nf6 10. Nh4 Rg8 11. Bxh6 Ne4 12. Bd2 Nd7 13. Nf3 g5 14. h3 Ndf6 15. Bc1 b5 16. e3 bxc4 17. Bxc4 Bb7 18. Nd2 Qxc3 19. Qxc3 Nxc3 20. Bb2 Ncxd5 21. Rb1 Nd7 22. 0-0 N7b6 23. Bb3 Ba6 24. Rfc1 Bd3 25. Ra1 Rc8 26. a4 a5 27. Bxd5 Nxd5 28. Ra3 Nb4 29. Bc3 Be2 30. f3 c4 31. e4 f4 32. Raa1 Bd3 33. Nf1 e5 34. Nh2 Ke7 35. Ng4 Rc5 36. Rd1 Bc2 37. Rd2 Bb3 38. Nh6 Rd8 39. Nf5+ Ke6 40. Ng7+ Kf7 41. Nf5 d5 0-1

[Event "SEMI A042 email"]
[Site "SEMI email"]
[Date "2003.03.31"]
[Round "?"]
[White "Bascetta, Biagio J"]
[Black "Fuertes, Cesar Edgardo"]
[Result "1/2-1/2"]
[WhiteElo "2327"]
[BlackElo "1994"]
[PlyCount "91"]
[EventDate "2003.03.31"]
[EventType "tourn (corr)"]
[EventRounds "6"]
[EventCountry "ITA"]
[SourceTitle "Corr 2008"]
[Source "ChessBase"]
[SourceDate "2008.06.24"]
[SourceVersion "1"]
[SourceVersionDate "2008.06.24"]
[SourceQuality "1"]

1. e4 c5 2. Nf3 d6 3. d4 cxd4 4. Nxd4 Nf6 5. Nc3 g6 6. Be3 Bg7 7. f3 0-0 8. Qd2 Nc6 9. Bc4 Bd7 10. 0-0-0 Qa5 11. Bb3 Rfc8 12. h4 Ne5 13. Kb1 Nc4 14. Bxc4 Rxc4 15. Nb3 Qc7 16. Bd4 Be6 17. h5 a5 18. hxg6 hxg6 19. a4 Rb4 20. Rh4 b5 21. Nxb5 Qc4 22. Nc3 Rab8 23. Rdh1 Qc6 24. Nd5 Bxd5 25. exd5 Qxa4 26. g3 Qb5 27. Qh2 Nh5 28. Rxh5 gxh5 29. Bxg7 Rxb3 30. cxb3 Kxg7 31. Qxh5 Qd3+ 32. Ka1 Qg6 33. Qh4 f6 34. Ka2 Qf5 35. Qh6+ Kf7 36. Qh7+ Qxh7 37. Rxh7+ Kg6 38. Rxe7 Rb5 39. Re4 Rxd5 40. b4 f5 41. Rc4 axb4 42. Rxb4 Kf6 43. g4 fxg4 44. Rxg4 Rd3 45. Rg3 Ke6 46. b3 1/2-1/2

[Event "SEMI A042 email"]
[Site "SEMI email"]
[Date "2003.03.31"]
[Round "?"]
[White "Marcotulli, Giancarlo"]
[Black "Fuertes, Cesar Edgardo"]
[Result "1-0"]
[WhiteElo "2200"]
[BlackElo "1994"]
[PlyCount "83"]
[EventDate "2003.03.31"]
[EventType "tourn (corr)"]
[EventRounds "6"]
[EventCountry "ITA"]
[SourceTitle "Corr 2008"]
[Source "ChessBase"]
[SourceDate "2008.06.24"]
[SourceVersion "1"]
[SourceVersionDate "2008.06.24"]
[SourceQuality "1"]

1. e4 e5 2. Nf3 Nc6 3. Bb5 a6 4. Ba4 Nf6 5. 0-0 Nxe4 6. d4 b5 7. Bb3 d5 8. dxe5 Be6 9. Nbd2 Nc5 10. c3 d4 11. Ng5 Bd5 12. Nxf7 Kxf7 13. Qf3+ Ke6 14. Qg4+ Ke7 15. e6 Bxe6 16. Re1 Qd6 17. Bxe6 Nxe6 18. Ne4 Qd5 19. Nc5 Ne5 20. Qf5 g6 21. Qxe5 Qxe5 22. Rxe5 Kd6 23. Rxe6+ Kxc5 24. cxd4+ Kxd4 25. Bf4 Kd5 26. Rf6 Bd6 27. Rd1+ Kc5 28. Bxd6+ cxd6 29. Rfxd6 Rhe8 30. Kf1 Re7 31. a3 a5 32. b3 Re5 33. Rd7 Rh8 34. Rc1+ Kb6 35. Rd6+ Kb7 36. h3 g5 37. Rh6 Kb8 38. g3 Rf5 39. g4 Re5 40. Rcc6 a4 41. bxa4 bxa4 42. Rb6+ 1-0

[Event "SEMI A040 email"]
[Site "SEMI email"]
[Date "2003.02.10"]
[Round "?"]
[White "Fuertes, Cesar Edgardo"]
[Black "Kutkaitis, Romualdas"]
[Result "1/2-1/2"]
[WhiteElo "1994"]
[BlackElo "1800"]
[PlyCount "59"]
[EventDate "2003.02.10"]
[EventType "tourn (corr)"]
[EventRounds "6"]
[EventCountry "ITA"]
[SourceTitle "Corr 2008"]
[Source "ChessBase"]
[SourceDate "2008.06.24"]
[SourceVersion "1"]
[SourceVersionDate "2008.06.24"]
[SourceQuality "1"]

1. d4 Nf6 2. c4 e6 3. g3 d5 4. Bg2 Be7 5. Nf3 0-0 6. 0-0 dxc4 7. Ne5 Nbd7 8. Nxc4 Nb6 9. Nxb6 axb6 10. Nc3 c6 11. e4 b5 12. h3 b4 13. Ne2 Qa5 14. f4 Rd8 15. Qc2 b6 16. Be3 Ba6 17. Rfd1 c5 18. b3 Rac8 19. dxc5 Bxc5 20. Bxc5 bxc5 21. Rxd8+ Rxd8 22. Rd1 h6 23. Rxd8+ Qxd8 24. Kf2 Bxe2 25. Kxe2 Nh5 26. Kf3 Qd4 27. Bf1 e5 28. f5 Qa1 29. Bd3 Qd4 30. Bc4 1/2-1/2

[Event "SEMI A040 email"]
[Site "SEMI email"]
[Date "2003.02.10"]
[Round "?"]
[White "Fuertes, Cesar Edgardo"]
[Black "Rebaudo, Nino"]
[Result "1/2-1/2"]
[WhiteElo "1994"]
[BlackElo "2097"]
[PlyCount "115"]
[EventDate "2003.02.10"]
[EventType "tourn (corr)"]
[EventRounds "6"]
[EventCountry "ITA"]
[SourceTitle "Corr 2008"]
[Source "ChessBase"]
[SourceDate "2008.06.24"]
[SourceVersion "1"]
[SourceVersionDate "2008.06.24"]
[SourceQuality "1"]

1. d4 Nf6 2. c4 e6 3. g3 d5 4. Bg2 Be7 5. Nf3 dxc4 6. 0-0 0-0 7. Ne5 Nc6 8. Nxc6 bxc6 9. Bxc6 Rb8 10. Nc3 Bb7 11. Bxb7 Rxb7 12. e3 c5 13. Qf3 Qa8 14. dxc5 Bxc5 15. Rd1 Rc8 16. Rb1 Be7 17. Qe2 Rd7 18. Rxd7 Nxd7 19. e4 Ne5 20. Be3 Rd8 21. Rd1 Rxd1+ 22. Qxd1 Qb7 23. Qc2 Nf3+ 24. Kh1 Bf6 25. Qa4 g5 26. Qxc4 Qxb2 27. Ne2 Ne5 28. Qc8+ Kg7 29. Nc1 Qb1 30. Qa8 g4 31. Kg2 Nc4 32. Qxa7 Qxe4+ 33. Kg1 Ne5 34. Qc5 Nf3+ 35. Kf1 Nxh2+ 36. Kg1 Nf3+ 37. Kf1 Qa4 38. Qd6 Qb5+ 39. Qd3 Qh5 40. Ke2 Qa5 41. Bd2 Qc5 42. Be3 Qc6 43. Kd1 Ne5 44. Qd4 Qf3+ 45. Kd2 Qf5 46. Kd1 Nf3 47. Qc4 Qh5 48. a4 Qh1+ 49. Kc2 h5 50. a5 Ne5 51. Qa4 Qb7 52. Nd3 Qc7+ 53. Nc5 Nc6 54. a6 Be7 55. Kd2 e5 56. Nd3 Qc8 57. a7 Qa8 58. Qe4 1/2-1/2

[Event "SEMI A040 email"]
[Site "SEMI email"]
[Date "2003.02.10"]
[Round "?"]
[White "Hanison, Bernard"]
[Black "Fuertes, Cesar Edgardo"]
[Result "1/2-1/2"]
[WhiteElo "2056"]
[BlackElo "1994"]
[PlyCount "80"]
[EventDate "2003.02.10"]
[EventType "tourn (corr)"]
[EventRounds "6"]
[EventCountry "ITA"]
[SourceTitle "Corr 2008"]
[Source "ChessBase"]
[SourceDate "2008.06.24"]
[SourceVersion "1"]
[SourceVersionDate "2008.06.24"]
[SourceQuality "1"]

1. e4 c5 2. Nf3 d6 3. d4 cxd4 4. Nxd4 Nf6 5. Nc3 g6 6. Be3 Bg7 7. f3 0-0 8. Qd2 Nc6 9. Bc4 Bd7 10. 0-0-0 Rc8 11. Bb3 Ne5 12. Kb1 Nc4 13. Bxc4 Rxc4 14. g4 b5 15. b3 Rc8 16. Ndxb5 a6 17. Nd4 Qc7 18. Nde2 Bc6 19. g5 Nd7 20. Bd4 Ne5 21. Rhf1 Rb8 22. f4 Nc4 23. Qd3 Na3+ 24. Kb2 Qa5 25. Bxg7 Kxg7 26. f5 Rfc8 27. f6+ exf6 28. Qd4 Kg8 29. Qxf6 Rb7 30. Rd4 Bb5 31. Rc1 Nc4+ 32. Ka1 Qa3 33. Rxc4 Bxc4 34. Nb1 Qb4 35. a3 Qc5 36. bxc4 Rxb1+ 37. Kxb1 Rb8+ 38. Ka2 Qxc4+ 39. Ka1 Qxe2 40. Qxd6 Qb5 1/2-1/2

[Event "SEMI A038 email"]
[Site "SEMI email"]
[Date "2002.09.26"]
[Round "?"]
[White "Fuertes, Cesar Edgardo"]
[Black "Parisi, Cosimo"]
[Result "0-1"]
[WhiteElo "1994"]
[BlackElo "2236"]
[PlyCount "66"]
[EventDate "2002.09.26"]
[EventType "tourn (corr)"]
[EventRounds "3"]
[EventCountry "ITA"]
[SourceTitle "Corr 2008"]
[Source "ChessBase"]
[SourceDate "2008.06.24"]
[SourceVersion "1"]
[SourceVersionDate "2008.06.24"]
[SourceQuality "1"]

1. d4 d5 2. c4 c6 3. Nc3 e5 4. dxe5 d4 5. Ne4 Qa5+ 6. Bd2 Qxe5 7. Ng3 Nf6 8. Nf3 Qd6 9. Qc2 Be7 10. 0-0-0 0-0 11. e3 dxe3 12. Bc3 Qc7 13. fxe3 c5 14. Bd3 Nc6 15. Bxf6 Bxf6 16. Bxh7+ Kh8 17. Be4 Nb4 18. Qb3 a5 19. Qa4 Be6 20. a3 Bxc4 21. Rd7 Qb6 22. Rxb7 Bxb2+ 23. Kxb2 Qf6+ 24. Nd4 cxd4 25. axb4 dxe3+ 26. Kb1 axb4 27. Ra7 Rxa7 28. Qxa7 Qc3 29. Qa4 b3 30. Rc1 Bd3+ 31. Bxd3 Qxd3+ 32. Kb2 e2 33. Qa5 Qd4+ 0-1

[Event "SEMI A036 email"]
[Site "SEMI email"]
[Date "2002.08.05"]
[Round "?"]
[White "Fuertes, Cesar Edgardo"]
[Black "Johnsrud, Jeff L"]
[Result "1-0"]
[WhiteElo "1994"]
[BlackElo "2173"]
[PlyCount "71"]
[EventDate "2002.08.05"]
[EventType "swiss (corr)"]
[EventRounds "6"]
[EventCountry "ITA"]
[SourceTitle "Corr 2008"]
[Source "ChessBase"]
[SourceDate "2008.06.24"]
[SourceVersion "1"]
[SourceVersionDate "2008.06.24"]
[SourceQuality "1"]

1. d4 Nf6 2. c4 Nc6 3. Nc3 e5 4. d5 Ne7 5. e4 Ng6 6. a3 Bc5 7. h3 d6 8. Nf3 0-0 9. Be2 Bd7 10. 0-0 Nh5 11. Nxe5 Nxe5 12. Bxh5 Qh4 13. b4 Bb6 14. Rb1 Bxh3 15. c5 dxc5 16. gxh3 cxb4 17. Na4 Qg3+ 18. Kh1 Qxh3+ 19. Kg1 Qg3+ 20. Kh1 Qh4+ 21. Kg1 bxa3 22. Ra1 Bd4 23. Rxa3 Qxe4 24. Be3 Nc4 25. Bxd4 Nxa3 26. Bc5 Nc4 27. Bxf8 Rxf8 28. Nc5 Qf4 29. Nxb7 Nd2 30. Re1 Qg5+ 31. Kh2 f5 32. Qe2 Ne4 33. d6 cxd6 34. Bf3 h6 35. Ra1 Rf6 36. Bg2 1-0

[Event "SEMI A036 email"]
[Site "SEMI email"]
[Date "2002.08.05"]
[Round "?"]
[White "Sorroche Lupion, Francisco"]
[Black "Fuertes, Cesar Edgardo"]
[Result "1-0"]
[WhiteElo "2145"]
[BlackElo "1994"]
[PlyCount "85"]
[EventDate "2002.08.05"]
[EventType "swiss (corr)"]
[EventRounds "6"]
[EventCountry "ITA"]
[SourceTitle "Corr 2008"]
[Source "ChessBase"]
[SourceDate "2008.06.24"]
[SourceVersion "1"]
[SourceVersionDate "2008.06.24"]
[SourceQuality "1"]

1. e4 c5 2. Nc3 Nc6 3. g3 d6 4. Bg2 e5 5. Nge2 g6 6. d3 Bg7 7. Nd5 Nge7 8. c3 0-0 9. h4 Nxd5 10. exd5 Ne7 11. h5 Bg4 12. hxg6 fxg6 13. Qa4 h5 14. Be4 Qb6 15. Qc2 Rf7 16. Ng1 Raf8 17. f3 Bf5 18. Be3 Qa5 19. Bg5 Bf6 20. Bd2 b5 21. Nh3 b4 22. cxb4 cxb4 23. Qb3 Bxh3 24. Rxh3 Qb6 25. Ke2 a5 26. a3 Bg7 27. Be3 Qb5 28. axb4 axb4 29. g4 hxg4 30. fxg4 Qd7 31. Rg3 Rb8 32. Ra4 Qb5 33. Bd2 Rbf8 34. Rg2 Qc5 35. Be3 Qc7 36. Rxb4 Rf1 37. Ra4 R1f7 38. Ra7 Qc8 39. Kd2 Rf1 40. Qc3 Qe8 41. Qc7 Qb5 42. Qb7 Qxb7 43. Rxb7 1-0

[Event "SEMI Zilbermints Benoni-B email"]
[Site "SEMI email"]
[Date "2002.07.01"]
[Round "?"]
[White "Blankenberg, Bruno"]
[Black "Fuertes, Cesar Edgardo"]
[Result "1-0"]
[WhiteElo "2100"]
[BlackElo "1994"]
[PlyCount "35"]
[EventDate "2002.07.01"]
[EventType "tourn (corr)"]
[EventRounds "6"]
[EventCountry "ITA"]
[SourceTitle "Corr 2008"]
[Source "ChessBase"]
[SourceDate "2008.06.24"]
[SourceVersion "1"]
[SourceVersionDate "2008.06.24"]
[SourceQuality "1"]

1. d4 c5 2. Nf3 cxd4 3. b4 Nc6 4. a3 e5 5. e3 dxe3 6. Bxe3 a6 7. Nc3 Nf6 8. Bc4 Be7 9. Ng5 0-0 10. Qd3 h6 11. Nge4 Ng4 12. 0-0 Nxe3 13. fxe3 d6 14. Rxf7 Rxf7 15. Rf1 b5 16. Bd5 Bd7 17. Rxf7 Kh8 18. Nxd6 1-0